[Event "Caspian Cup 17th"]
[Site "Bandar e Anzali"]
[Date "2019.02.19"]
[Round "9"]
[White "Li, Bo"]
[Black "Moradi, Behrooz"]
[Result "1/2-1/2"]
[WhiteElo "2325"]
[BlackElo "2178"]
[PlyCount "122"]
[EventDate "2019.02.12"]
[EventType "swiss"]
[EventRounds "9"]
[EventCountry "IRI"]
[SourceTitle "CBM 189 Extra"]
[Source "ChessBase"]
[SourceDate "2019.06.03"]
[SourceVersion "1"]
[SourceVersionDate "2019.06.03"]
[SourceQuality "1"]

1. d4 Nf6 2. c4 e6 3. Nc3 Bb4 4. Qc2 d5 5. cxd5 Qxd5 6. Nf3 c5 7. Bd2 Bxc3 8. Bxc3 0-0 9. e3 b6 10. Bd3 Ba6 11. Bxa6 Nxa6 12. 0-0 cxd4 13. Bxd4 Rfc8 14. Qe2 Qc4 15. Qxc4 Rxc4 16. Rfc1 Rac8 17. Rxc4 Rxc4 18. b3 Rc2 19. Bxf6 gxf6 20. Nd4 Rb2 21. Nc6 f5 22. h3 Kg7 23. g4 Kf6 24. gxf5 Kxf5 25. Rd1 Nc5 26. b4 Ne4 27. Rd7 Kf6 28. f4 Rxa2 29. Ne5 Kg7 30. Nxf7 Nf6 31. Rb7 Nd5 32. Ne5+ Kh6 33. Nc6 a5 34. bxa5 bxa5 35. Nd4 a4 36. Nxe6 Nxe3 37. Ra7 a3 38. Nf8 Rg2+ 39. Kh1 Rg7 40. Rxa3 Rf7 41. Ne6 Nd5 42. Ra4 Rf6 43. Re4 Kg6 44. Kh2 Kf7 45. Nd8+ Kg6 46. Kg3 Rd6 47. Ne6 Nf6 48. Re3 Nh5+ 49. Kf3 Nf6 50. Ng5 Ra6 51. Ne6 Nd5 52. Re5 Ra3+ 53. Kg2 Ne3+ 54. Kf2 Nc4 55. Rc5 Nd6 56. Ng5 h6 57. Rd5 hxg5 58. Rxd6+ Kf5 59. fxg5 Kxg5 60. Kg2 Ra2+ 61. Kf3 Ra3+ 1/2-1/2

[Event "Caspian Cup 17th"]
[Site "Bandar e Anzali"]
[Date "2019.02.17"]
[Round "7"]
[White "Khoshkalam, Seyed Mehrab"]
[Black "Moradi, Behrooz"]
[Result "1/2-1/2"]
[WhiteElo "2263"]
[BlackElo "2178"]
[PlyCount "144"]
[EventDate "2019.02.12"]
[EventType "swiss"]
[EventRounds "9"]
[EventCountry "IRI"]
[SourceTitle "CBM 189 Extra"]
[Source "ChessBase"]
[SourceDate "2019.06.03"]
[SourceVersion "1"]
[SourceVersionDate "2019.06.03"]
[SourceQuality "1"]

1. Nf3 e6 2. g3 d5 3. Bg2 c5 4. 0-0 Nc6 5. d3 Bd6 6. Nbd2 Nge7 7. e4 0-0 8. Re1 Qc7 9. c3 Bd7 10. Nf1 b5 11. h4 f6 12. exd5 exd5 13. d4 c4 14. Ne3 Be8 15. b3 Bf7 16. bxc4 bxc4 17. Qa4 Qa5 18. Qxa5 Nxa5 19. Nc2 Rab8 20. Ba3 Bxa3 21. Nxa3 Nc8 22. Rab1 Nb6 23. Rb5 Nb7 24. Nd2 Rfd8 25. Re7 Nd6 26. Ra5 Nbc8 27. Re2 Nb7 28. Ra6 Rd6 29. Ra4 a5 30. Nb5 Rd8 31. Ra3 Kf8 32. Nc7 Rd7 33. Nb5 Re7 34. Re3 Nb6 35. Nf1 Be8 36. Rxe7 Kxe7 37. Nc7 Kd6 38. Nxe8+ Rxe8 39. Ne3 g6 40. Bxd5 Nxd5 41. Nxc4+ Ke6 42. Rb3 Rc8 43. Nb2 Nd6 44. Na4 Ne4 45. Rb5 Nexc3 46. Nc5+ Kd6 47. Rxa5 Ne2+ 48. Kg2 Nxd4 49. Ne4+ Ke6 50. Nc5+ Ke7 51. Ne4 Rd8 52. Nc5 Nc6 53. Ra6 Ndb4 54. Ra3 Rd5 55. Ne4 f5 56. Ng5 h6 57. Nh3 Kf6 58. Rc3 Rd3 59. Rc4 g5 60. hxg5+ hxg5 61. Ng1 Ra3 62. g4 f4 63. Nh3 f3+ 64. Kg3 Rxa2 65. Rc5 Ne5 66. Nxg5 Nbd3 67. Ne4+ Ke6 68. Rb5 Re2 69. Ng5+ Kf6 70. Nxf3 Nxf3 71. Kxf3 Rxf2+ 72. Ke3 Rg2 1/2-1/2

[Event "Caspian Cup 17th"]
[Site "Bandar e Anzali"]
[Date "2019.02.14"]
[Round "3"]
[White "Moradi, Behrooz"]
[Black "Mosadeghpour, Masoud"]
[Result "0-1"]
[WhiteElo "2178"]
[BlackElo "2531"]
[PlyCount "146"]
[EventDate "2019.02.12"]
[EventType "swiss"]
[EventRounds "9"]
[EventCountry "IRI"]
[SourceTitle "CBM 189 Extra"]
[Source "ChessBase"]
[SourceDate "2019.06.03"]
[SourceVersion "1"]
[SourceVersionDate "2019.06.03"]
[SourceQuality "1"]

1. e4 c5 2. Nf3 d6 3. d4 cxd4 4. Nxd4 Nf6 5. Nc3 Nc6 6. f3 e5 7. Nb3 Be7 8. Be3 0-0 9. Qd2 a5 10. Bb5 Na7 11. Bd3 Be6 12. 0-0 Nc8 13. a3 a4 14. Nc1 Nb6 15. Qf2 Nfd7 16. Rd1 Bg5 17. Bxg5 Qxg5 18. Bb5 Qe7 19. Qd2 d5 20. Bxd7 Bxd7 21. Nxd5 Nxd5 22. exd5 Rac8 23. Nd3 e4 24. fxe4 Qxe4 25. Nb4 Qg6 26. Re1 Bf5 27. Rac1 Be4 28. c4 f5 29. d6 b6 30. Re2 Kh8 31. Qf4 Rcd8 32. Rd1 Rf7 33. Red2 Rfd7 34. g3 h6 35. Na2 Qe6 36. Rd4 Bc2 37. R1d2 g5 38. Qf3 Be4 39. Qc3 Kh7 40. Qb4 Ba8 41. R2d3 b5 42. Qd2 Be4 43. Re3 Rxd6 44. Rxd6 Rxd6 45. Qe2 Qxc4 46. Qxc4 bxc4 47. Nc3 Bc6 48. Re5 Kg6 49. Rc5 Bf3 50. Kf2 Bg4 51. Rd5 Rb6 52. Nxa4 Rb3 53. Rd2 Rf3+ 54. Kg2 Rd3 55. Rc2 Bd1 56. Rxc4 Rd2+ 57. Kg1 Bf3 58. Rc3 g4 59. b4 Rg2+ 60. Kf1 Rxh2 61. b5 f4 62. gxf4 Kf5 63. b6 Kxf4 64. Rc4+ Kg3 65. Ke1 Re2+ 66. Kf1 Re8 67. Rc3 Rd8 68. Rc1 h5 69. Nc5 h4 70. Ne6 h3 71. Nxd8 h2 72. Ke1 h1Q+ 73. Kd2 Qh6+ 0-1

[Event "Bandar e Anzali Khazar Cup 16th"]
[Site "Bandar e Anzali"]
[Date "2018.03.06"]
[Round "9"]
[White "Moradi, Behrooz"]
[Black "Rastbod, Ali"]
[Result "1-0"]
[WhiteElo "2129"]
[BlackElo "2266"]
[PlyCount "85"]
[EventDate "2018.02.27"]
[EventType "swiss"]
[EventRounds "9"]
[EventCountry "IRI"]
[SourceTitle "CBM 183 Extra"]
[Source "ChessBase"]
[SourceDate "2018.04.19"]
[SourceVersion "1"]
[SourceVersionDate "2018.04.19"]
[SourceQuality "1"]

1. e4 e6 2. d4 d5 3. Nd2 h6 4. Ngf3 Nf6 5. Bd3 c5 6. exd5 Qxd5 7. dxc5 Bxc5 8. 0-0 b6 9. Nb3 Be7 10. Nbd4 0-0 11. c4 Qh5 12. Bf4 Bc5 13. Nb5 Nc6 14. Ne5 Bb7 15. Nd7 Qxd1 16. Nxf6+ gxf6 17. Raxd1 Ne5 18. Bxh6 Rfd8 19. Be2 a6 20. Nc3 Bd4 21. Be3 Bxc3 22. bxc3 Rdc8 23. c5 bxc5 24. f4 Ng6 25. f5 exf5 26. Rxf5 Re8 27. Kf2 Kg7 28. Rd6 Bxg2 29. Rxc5 Bh3 30. Rxa6 Be6 31. a4 Rab8 32. Rb5 Rbc8 33. Bd4 Rh8 34. Rh5 Rhd8 35. Bb5 Ne5 36. a5 Bc4 37. Bxc4 Rxc4 38. Rf5 Re8 39. Kg3 Nd7 40. Rd6 Re7 41. a6 Ra4 42. a7 Kg6 43. Rb5 1-0

[Event "Rasht op"]
[Site "Rasht"]
[Date "2015.08.19"]
[Round "9"]
[White "Moradi, Behrooz"]
[Black "Sadeh, Shahin"]
[Result "1/2-1/2"]
[WhiteElo "2247"]
[BlackElo "2231"]
[PlyCount "92"]
[EventDate "2015.08.14"]
[EventType "swiss"]
[EventRounds "11"]
[EventCountry "IRI"]
[SourceTitle "EXT 2016"]
[Source "ChessBase"]
[SourceDate "2015.10.08"]
[SourceVersion "1"]
[SourceVersionDate "2015.10.08"]
[SourceQuality "1"]

1. e4 g6 2. d4 Bg7 3. Nc3 c6 4. Nf3 d6 5. a4 Nf6 6. h3 0-0 7. Be3 Qa5 8. Nd2 Nbd7 9. Be2 d5 10. e5 Ne8 11. 0-0 f6 12. f4 Bh6 13. Nb3 Qd8 14. Qd2 e6 15. g4 fxe5 16. fxe5 Bxe3+ 17. Qxe3 b6 18. Bd3 Rxf1+ 19. Rxf1 Qe7 20. Qf3 Bb7 21. a5 Ng7 22. Qe3 Rf8 23. Rxf8+ Qxf8 24. axb6 axb6 25. Ne2 Qb4 26. Qd2 Qe7 27. Qf4 c5 28. Bb5 Nf8 29. Qf6 Qc7 30. Nf4 Bc6 31. Bxc6 Qxc6 32. dxc5 bxc5 33. Qe7 Qa4 34. Nd3 c4 35. Ndc5 Qb5 36. Nd4 Qxb2 37. Ncxe6 Ngxe6 38. Nxe6 Qc1+ 39. Kg2 Qxc2+ 40. Kg3 Qc3+ 41. Kg2 Qb2+ 42. Kf3 Qc3+ 43. Kg2 Qd2+ 44. Kg3 Qe1+ 45. Kg2 Qe4+ 46. Kg1 Qb1+ 1/2-1/2

[Event "Rasht op"]
[Site "Rasht"]
[Date "2015.08.16"]
[Round "5"]
[White "Molaei, Mohammadamin"]
[Black "Moradi, Behrooz"]
[Result "1/2-1/2"]
[WhiteElo "2151"]
[BlackElo "2247"]
[PlyCount "82"]
[EventDate "2015.08.14"]
[EventType "swiss"]
[EventRounds "11"]
[EventCountry "IRI"]
[SourceTitle "EXT 2016"]
[Source "ChessBase"]
[SourceDate "2015.10.08"]
[SourceVersion "1"]
[SourceVersionDate "2015.10.08"]
[SourceQuality "1"]

1. d4 Nf6 2. c4 e6 3. g3 d5 4. Nf3 Be7 5. Bg2 0-0 6. 0-0 c6 7. Qc2 Nbd7 8. Nbd2 b6 9. e4 Bb7 10. e5 Ne8 11. cxd5 cxd5 12. Re1 Rc8 13. Qd3 Nc7 14. Nf1 a5 15. h4 Ba6 16. Qd1 Nb8 17. Bf4 Qe8 18. Ne3 Bb4 19. Qb1 Bxe1 20. Ng5 g6 21. Ng4 Nd7 22. Qxe1 h5 23. Nh2 Qe7 24. g4 hxg4 25. Nxg4 Kg7 26. Nf3 Rh8 27. Bg5 Qb4 28. Qe3 Ne8 29. Qf4 Qxb2 30. Bh6+ Kg8 31. Ng5 Qxa1+ 32. Kh2 Rh7 33. Nxh7 Qc1 34. Qf3 Rc3 35. Be3 Rxe3 36. Nxe3 Qc7 37. Ng5 Ndf6 38. Kh3 Nh5 39. Ng4 Kg7 40. Qe3 Nhf6 41. Kh2 Kg8 1/2-1/2

[Event "Urmai Sardaran op 4th"]
[Site "Urmia"]
[Date "2015.07.29"]
[Round "9"]
[White "Pantsulaia, Levan"]
[Black "Moradi, Behrooz"]
[Result "1-0"]
[WhiteElo "2610"]
[BlackElo "2228"]
[PlyCount "106"]
[EventDate "2015.07.22"]
[EventType "swiss"]
[EventRounds "9"]
[EventCountry "IRI"]
[SourceTitle "EXT 2016"]
[Source "ChessBase"]
[SourceDate "2015.10.08"]
[SourceVersion "1"]
[SourceVersionDate "2015.10.08"]
[SourceQuality "1"]

1. Nf3 Nf6 2. g3 b6 3. Bg2 Bb7 4. 0-0 e6 5. c4 Be7 6. Nc3 0-0 7. Qc2 d5 8. cxd5 exd5 9. d4 Na6 10. Bf4 Re8 11. Rac1 Bf8 12. Rfd1 h6 13. Ne5 Qc8 14. a3 c5 15. dxc5 Nxc5 16. b4 Nce4 17. Nxe4 Qxc2 18. Rxc2 dxe4 19. Nd7 Nd5 20. Nxf8 Kxf8 21. Bd6+ Kg8 22. g4 Rad8 23. Bg3 Nf6 24. Rxd8 Rxd8 25. h3 Rd7 26. Kh2 Kf8 27. Bb8 Bd5 28. e3 Ke7 29. Bf1 Ke6 30. Ba6 Bb7 31. Bb5 Rd8 32. Bxa7 Nd5 33. Bc4 Ra8 34. Bxb6 Rxa3 35. Bd4 f6 36. Bxd5+ Bxd5 37. Rc7 g5 38. Rh7 Ra6 39. Bxf6 Ra2 40. Bd4 Rxf2+ 41. Kg1 Rf3 42. Rxh6+ Ke7 43. b5 Bc4 44. b6 Rf1+ 45. Kg2 Rb1 46. Bf6+ Kf7 47. Bxg5 Rb2+ 48. Kg3 Be2 49. Bf4 Ba6 50. h4 Bf1 51. h5 Rg2+ 52. Kh4 Be2 53. b7 Ke8 1-0

[Event "Asia Cities-ch 15th"]
[Site "Tehran"]
[Date "2007.03.03"]
[Round "2.1"]
[White "Moradi, Behrooz"]
[Black "Kostenko, Petr"]
[Result "0-1"]
[WhiteElo "2310"]
[BlackElo "2522"]
[PlyCount "68"]
[EventDate "2007.03.02"]
[EventType "team-swiss"]
[EventRounds "9"]
[EventCountry "IRI"]
[SourceTitle "EXT 2020"]
[Source "ChessBase"]
[SourceDate "2019.10.17"]
[SourceVersion "1"]
[SourceVersionDate "2019.10.17"]
[SourceQuality "1"]
[WhiteTeam "Tidewater Hormozgan"]
[BlackTeam "Pavlodar"]
[WhiteTeamCountry "IRI"]
[BlackTeamCountry "KAZ"]

1. e4 c5 2. Nf3 e6 3. d4 cxd4 4. Nxd4 a6 5. Nc3 b5 6. Be3 Bb7 7. f3 Nf6 8. Qd2 d5 9. e5 Nfd7 10. f4 Nc6 11. Bd3 Nb6 12. f5 exf5 13. Nxc6 Bxc6 14. Bd4 Nc4 15. Qf2 b4 16. Ne2 Qg5 17. 0-0 g6 18. b3 Na3 19. e6 Rg8 20. Rae1 Nb5 21. h4 Qe7 22. exf7+ Qxf7 23. c4 bxc3 24. Nxc3+ Kd7 25. Na4 Re8 26. Rc1 Ba3 27. Bb2 Bxb2 28. Bxb5 Bxb5 29. Nb6+ Kd6 30. Qc5+ Ke6 31. Qxd5+ Kf6 32. Rc6+ Kg7 33. Qd2 Bxc6 34. Qxb2+ Qf6 0-1

[Event "IRI-ch"]
[Site "Tehran"]
[Date "2006.12.29"]
[Round "10"]
[White "Moradi, Behrooz"]
[Black "Ghorbani, Mohsen"]
[Result "1-0"]
[WhiteElo "2299"]
[BlackElo "2304"]
[PlyCount "99"]
[EventDate "2006.12.22"]
[EventType "tourn"]
[EventRounds "11"]
[EventCountry "IRI"]
[EventCategory "6"]
[SourceTitle "CBM 116 Extra"]
[Source "ChessBase"]
[SourceDate "2007.03.07"]
[SourceVersion "1"]
[SourceVersionDate "2007.03.07"]
[SourceQuality "1"]

1. e4 c5 2. Nf3 e6 3. d4 cxd4 4. Nxd4 a6 5. Nc3 d6 6. Be3 Be7 7. Qd2 Nf6 8. f3 h5 9. Be2 b5 10. a4 bxa4 11. Nxa4 Nfd7 12. 0-0 Bb7 13. Bc4 Qc8 14. Qe2 Nc6 15. Nxe6 fxe6 16. Bxe6 Ncb8 17. Nb6 Nxb6 18. Bxc8 Nxc8 19. Qc4 Nc6 20. Ra3 Nd8 21. Rb3 Bc6 22. Ra1 a5 23. Bd4 d5 24. exd5 Nd6 25. Qe2 Bxd5 26. Re3 Nc6 27. Rxe7+ Nxe7 28. Re1 Ndf5 29. Bc5 0-0 30. Bxe7 Nxe7 31. Qxe7 Bf7 32. Qa3 Rfc8 33. c3 Rcb8 34. Re2 a4 35. Qc5 Rc8 36. Qb4 Rcb8 37. Qf4 Rb7 38. Qd4 a3 39. bxa3 Rxa3 40. c4 Ra8 41. c5 Rb1+ 42. Kf2 Rc1 43. h4 Rc4 44. Qd6 Rc8 45. Re5 Rc3 46. Rxh5 Ra8 47. Rg5 Rc2+ 48. Kg3 Raa2 49. Kh2 Re2 50. Qd4 1-0

[Event "IRI-ch"]
[Site "Tehran"]
[Date "2006.12.24"]
[Round "4"]
[White "Moradi, Behrooz"]
[Black "Bagheri, Amir"]
[Result "0-1"]
[WhiteElo "2299"]
[BlackElo "2486"]
[PlyCount "84"]
[EventDate "2006.12.22"]
[EventType "tourn"]
[EventRounds "11"]
[EventCountry "IRI"]
[EventCategory "6"]
[SourceTitle "CBM 116 Extra"]
[Source "ChessBase"]
[SourceDate "2007.03.07"]
[SourceVersion "1"]
[SourceVersionDate "2007.03.07"]
[SourceQuality "1"]

1. e4 c6 2. d4 d5 3. Nc3 dxe4 4. Nxe4 Nd7 5. Ne2 Ndf6 6. N2g3 Nxe4 7. Nxe4 Bf5 8. Qf3 e6 9. Be3 Nf6 10. Nxf6+ gxf6 11. 0-0-0 Qd5 12. Qxd5 cxd5 13. Bb5+ Kd8 14. Be2 Rc8 15. c3 h5 16. Bf4 a6 17. Kd2 Kd7 18. h4 Be7 19. g3 Rc6 20. f3 Rcc8 21. g4 Bg6 22. Rdg1 Rh7 23. Ke3 e5 24. Bg3 Bd6 25. Be1 exd4+ 26. cxd4 Rc2 27. gxh5 Bf5 28. Bd1 Rxb2 29. Bb3 Rh8 30. Bxd5 Re8+ 31. Be4 Rxa2 32. Rg8 Ra3+ 33. Kf2 Bxe4 34. Rxe8 Rxf3+ 35. Ke2 Kxe8 36. h6 Rf5 37. Rh3 Rh5 38. Bd2 f5 39. Bg5 Bf8 40. Rc3 Kd7 41. Rg3 Bxh6 42. Bf6 Bf8 0-1

[Event "IRI-ch"]
[Site "Tehran"]
[Date "2006.12.23"]
[Round "2"]
[White "Moradi, Behrooz"]
[Black "Roghani, Arash"]
[Result "1-0"]
[WhiteElo "2299"]
[BlackElo "2383"]
[PlyCount "108"]
[EventDate "2006.12.22"]
[EventType "tourn"]
[EventRounds "11"]
[EventCountry "IRI"]
[EventCategory "6"]
[SourceTitle "CBM 116 Extra"]
[Source "ChessBase"]
[SourceDate "2007.03.07"]
[SourceVersion "1"]
[SourceVersionDate "2007.03.07"]
[SourceQuality "1"]

1. e4 e6 2. d4 d5 3. Nd2 c5 4. exd5 Qxd5 5. Ngf3 cxd4 6. Bc4 Qd6 7. Qe2 Nf6 8. Nb3 Nc6 9. Bg5 a6 10. 0-0-0 b5 11. Bd3 Be7 12. Nfxd4 Nxd4 13. Nxd4 0-0 14. Rhe1 Re8 15. Qf3 Qd5 16. Qxd5 Nxd5 17. Bxe7 Rxe7 18. Be4 Bb7 19. Nxb5 Nb4 20. Nc3 Kf8 21. a3 Nc6 22. Rd6 Rc7 23. Red1 Ke7 24. Na4 Ne5 25. Bxb7 Rxb7 26. b3 Rc8 27. Nb6 Rcc7 28. h3 g5 29. Kb2 a5 30. R1d4 Nc6 31. Rxc6 Rxc6 32. Nc4 Rc5 33. Ne3 f5 34. c4 f4 35. Nc2 Re5 36. Rd2 Rd7 37. Nd4 Re4 38. Kc3 e5 39. Nc6+ Ke6 40. Nd8+ Ke7 41. Nc6+ Ke6 42. Nxa5 Rxd2 43. Kxd2 Rd4+ 44. Kc3 Kd7 45. c5 Re4 46. b4 h5 47. b5 Ra4 48. Nc4 Ke6 49. b6 Kd5 50. b7 Rxc4+ 51. Kb2 Rxc5 52. b8Q e4 53. Qd8+ Kc4 54. Qd2 h4 1-0

[Event "IRI-ch"]
[Site "Tehran"]
[Date "2006.12.22"]
[Round "1"]
[White "Ghaem Maghami, Ehsan"]
[Black "Moradi, Behrooz"]
[Result "1-0"]
[WhiteElo "2581"]
[BlackElo "2299"]
[PlyCount "81"]
[EventDate "2006.12.22"]
[EventType "tourn"]
[EventRounds "11"]
[EventCountry "IRI"]
[EventCategory "6"]
[SourceTitle "CBM 116 Extra"]
[Source "ChessBase"]
[SourceDate "2007.03.07"]
[SourceVersion "1"]
[SourceVersionDate "2007.03.07"]
[SourceQuality "1"]

1. c4 Nf6 2. Nc3 e6 3. e4 d5 4. e5 d4 5. exf6 dxc3 6. bxc3 Qxf6 7. Nf3 e5 8. d4 exd4 9. Bg5 Qe6+ 10. Be2 Be7 11. cxd4 Bxg5 12. Nxg5 Qe7 13. Qd2 0-0 14. 0-0 Nd7 15. Rfe1 Nf6 16. Bf3 Qd6 17. c5 Qd8 18. Rab1 c6 19. Qf4 h6 20. Ne4 Nd5 21. Qg3 b6 22. Rbc1 Be6 23. a3 b5 24. Nd6 Qf6 25. Re5 Rab8 26. Bxd5 Bxd5 27. Qc3 Qd8 28. Rce1 Be6 29. Qg3 a5 30. f4 b4 31. axb4 axb4 32. f5 Bd5 33. Re7 b3 34. f6 g6 35. Nf5 Be4 36. Nxh6+ Kh7 37. R7xe4 Qxf6 38. Rf4 Qd8 39. Nxf7 Qd5 40. Re7 Rbe8 41. Ne5+ 1-0

[Event "IRI-chT"]
[Site "Iran"]
[Date "2005.09.29"]
[Round "10"]
[White "Ezzati, Fereidoon"]
[Black "Moradi, Behrooz"]
[Result "0-1"]
[WhiteElo "2259"]
[BlackElo "2260"]
[PlyCount "62"]
[EventDate "2005.05.26"]
[EventType "team"]
[EventRounds "11"]
[EventCountry "IRI"]
[SourceTitle "CBM 106 Extra"]
[Source "ChessBase"]
[SourceDate "2005.07.01"]
[SourceVersion "1"]
[SourceVersionDate "2005.07.01"]
[SourceQuality "1"]

1. e4 c5 2. Nf3 e6 3. d4 cxd4 4. Nxd4 Nf6 5. Nc3 d6 6. g3 Nc6 7. Bg2 Bd7 8. 0-0 Be7 9. Bg5 a6 10. Qd2 Qc7 11. Rad1 Ne5 12. Qe2 0-0 13. Bc1 Rac8 14. f4 Nc4 15. b3 Na5 16. Bb2 Nc6 17. Nf3 Rfd8 18. e5 dxe5 19. fxe5 Ng4 20. Na4 b5 21. Nc3 Qa7+ 22. Kh1 Ne3 23. Ne4 Nxd1 24. Rxd1 Nb4 25. Bd4 Qc7 26. c3 Nc6 27. Nfg5 h6 28. Nxf7 Kxf7 29. Rf1+ Kg8 30. Qh5 Rf8 31. Nf6+ Bxf6 0-1

[Event "Lahijan op 4th"]
[Site "Lahijan"]
[Date "2005.08.31"]
[Round "8"]
[White "Moradi, Behrooz"]
[Black "Behmardi, Kalantari Rustam"]
[Result "1/2-1/2"]
[WhiteElo "2260"]
[BlackElo "2125"]
[PlyCount "86"]
[EventDate "2005.08.24"]
[EventType "swiss"]
[EventRounds "10"]
[EventCountry "IRI"]
[SourceTitle "CBM 108 Extra"]
[Source "ChessBase"]
[SourceDate "2005.11.04"]
[SourceVersion "1"]
[SourceVersionDate "2005.11.04"]
[SourceQuality "1"]

1. e4 e6 2. d4 d5 3. Nd2 Nf6 4. e5 Nfd7 5. Bd3 c5 6. c3 Nc6 7. Ne2 cxd4 8. cxd4 f6 9. exf6 Nxf6 10. Nf3 Qc7 11. 0-0 Bd6 12. h3 0-0 13. Be3 Bd7 14. Nc3 a6 15. Rc1 Be8 16. Ng5 Qe7 17. Re1 h6 18. Nf3 Nb4 19. Be2 Bg6 20. Ne5 Bf5 21. a3 Nc6 22. Nxc6 bxc6 23. Na4 Qb7 24. f3 Bb8 25. Bd3 Qc7 26. Bxf5 Qh2+ 27. Kf1 exf5 28. Bg1 Qh1 29. Re5 Ne4 30. Rxc6 Ng3+ 31. Kf2 Ne4+ 32. fxe4 fxe4+ 33. Kg3 e3 34. Nc3 Bxe5+ 35. dxe5 d4 36. Bxe3 Qxd1 37. Nxd1 dxe3 38. Nxe3 Rab8 39. b4 a5 40. Nd5 axb4 41. axb4 Rfd8 42. Rc5 Kf7 43. Kf4 Rdc8 1/2-1/2

[Event "Lahijan op 4th"]
[Site "Lahijan"]
[Date "2005.08.29"]
[Round "5"]
[White "Saba, Earaj"]
[Black "Moradi, Behrooz"]
[Result "0-1"]
[WhiteElo "2104"]
[BlackElo "2260"]
[PlyCount "56"]
[EventDate "2005.08.24"]
[EventType "swiss"]
[EventRounds "10"]
[EventCountry "IRI"]
[SourceTitle "CBM 108 Extra"]
[Source "ChessBase"]
[SourceDate "2005.11.04"]
[SourceVersion "1"]
[SourceVersionDate "2005.11.04"]
[SourceQuality "1"]

1. d4 Nf6 2. e3 e6 3. Bd3 c5 4. c3 Nc6 5. f4 Be7 6. Nf3 cxd4 7. exd4 d6 8. 0-0 0-0 9. Nbd2 e5 10. fxe5 dxe5 11. Nxe5 Nxe5 12. dxe5 Ng4 13. Qe2 Bc5+ 14. Kh1 Nf2+ 15. Rxf2 Bxf2 16. Ne4 Bh4 17. Be3 Bf5 18. Bd4 Bg6 19. Bc4 Qc7 20. Bd5 Be7 21. Qe3 Rad8 22. c4 b6 23. Rf1 Qd7 24. Bc3 Bf5 25. e6 fxe6 26. Qg3 Bg6 27. Rf3 exd5 28. Qe5 d4 0-1

[Event "IRI-chT"]
[Site "Iran"]
[Date "2005.05.26"]
[Round "1"]
[White "Roghani, Arash"]
[Black "Moradi, Behrooz"]
[Result "0-1"]
[WhiteElo "2341"]
[BlackElo "2260"]
[PlyCount "90"]
[EventDate "2005.05.26"]
[EventType "team"]
[EventRounds "11"]
[EventCountry "IRI"]
[SourceTitle "CBM 106 Extra"]
[Source "ChessBase"]
[SourceDate "2005.07.01"]
[SourceVersion "1"]
[SourceVersionDate "2005.07.01"]
[SourceQuality "1"]

1. d4 Nf6 2. Nf3 e6 3. c4 b6 4. g3 Bb7 5. Bg2 Be7 6. Nc3 0-0 7. d5 Bb4 8. 0-0 Bxc3 9. bxc3 Na6 10. Ne5 Nc5 11. Ba3 Qc8 12. Bxc5 bxc5 13. Rb1 exd5 14. cxd5 Re8 15. Nc4 Ba6 16. Ne3 d6 17. Qc2 Qd7 18. Bf3 g6 19. c4 h5 20. Ng2 g5 21. e3 h4 22. gxh4 Qh3 23. Be2 Ng4 24. Bxg4 Qxg4 25. hxg5 Qxc4 26. Qd1 Qxf1+ 27. Qxf1 Bxf1 28. Rxf1 Re5 29. h4 Rxd5 30. Rb1 c4 31. Nf4 Rc5 32. Kf1 c3 33. Ke2 c2 34. Rc1 Rb8 35. Kd2 Rb1 36. Rxc2 Rxc2+ 37. Kxc2 Rf1 38. Nd3 Rh1 39. Kc3 Rxh4 40. f4 Rh2 41. Nb4 Kf8 42. a4 Re2 43. Kd3 Re1 44. Nc6 a5 45. Kc4 Rc1+ 0-1

[Event "IRI-ch"]
[Site "Mashad"]
[Date "2003.10.01"]
[Round "10"]
[White "Mohammadi, HR."]
[Black "Moradi, Behrooz"]
[Result "1/2-1/2"]
[WhiteElo "2267"]
[BlackElo "2220"]
[PlyCount "149"]
[EventDate "2003.09.24"]
[EventType "swiss"]
[EventRounds "11"]
[EventCountry "IRI"]
[SourceTitle "CBM 096 Extra"]
[Source "ChessBase"]
[SourceDate "2003.10.22"]
[SourceVersion "2"]
[SourceVersionDate "2003.10.20"]
[SourceQuality "1"]

1. e4 c5 2. Nf3 e6 3. d4 cxd4 4. Nxd4 Nf6 5. Nc3 d6 6. f4 Nc6 7. Be3 Be7 8. Qf3 e5 9. Nf5 Bxf5 10. exf5 Nd4 11. Bxd4 exd4 12. Nb5 Qa5+ 13. c3 dxc3 14. Qxc3 Qxc3+ 15. Nxc3 0-0-0 16. Be2 d5 17. 0-0-0 Bc5 18. Rd3 Rhe8 19. Bf3 Be3+ 20. Kb1 d4 21. Ne2 Ne4 22. Bxe4 Rxe4 23. g3 Re7 24. Rhd1 Red7 25. Nc1 Kc7 26. Nb3 Rd5 27. Na1 Kc6 28. Nc2 a5 29. Nxe3 dxe3 30. Rc3+ Kb6 31. Rxd5 Rxd5 32. Rxe3 Rxf5 33. Re7 h5 34. Kc2 h4 35. Kd3 hxg3 36. hxg3 Kc6 37. Ke4 Rf6 38. g4 Re6+ 39. Rxe6+ fxe6 40. Ke5 Kd7 41. a4 Ke7 42. f5 exf5 43. Kxf5 Kf7 44. g5 b6 45. g6+ Ke7 46. Ke5 Kd7 47. Kd5 Ke7 48. Kc6 Kf6 49. Kxb6 Kxg6 50. Kxa5 Kf5 51. b4 g5 52. b5 g4 53. b6 g3 54. b7 g2 55. b8Q g1Q 56. Qb5+ Ke4 57. Qc6+ Kd3 58. Ka6 Kd2 59. a5 Qf1+ 60. Kb6 Qg1+ 61. Kb7 Qg7+ 62. Kc8 Qf8+ 63. Kc7 Ke1 64. Qe6+ Kf1 65. a6 Qc5+ 66. Qc6 Qa5+ 67. Kc8 Qf5+ 68. Qd7 Qc5+ 69. Kb7 Qb4+ 70. Ka7 Qc5+ 71. Ka8 Qf8+ 72. Ka7 Qc5+ 73. Kb7 Qb4+ 74. Kc8 Qc4+ 75. Kb7 1/2-1/2

[Event "IRI-ch"]
[Site "Mashad"]
[Date "2003.09.30"]
[Round "9"]
[White "Moradi, Behrooz"]
[Black "Vahidi, Mohammad"]
[Result "1-0"]
[WhiteElo "2220"]
[BlackElo "2245"]
[PlyCount "53"]
[EventDate "2003.09.24"]
[EventType "swiss"]
[EventRounds "11"]
[EventCountry "IRI"]
[SourceTitle "CBM 096 Extra"]
[Source "ChessBase"]
[SourceDate "2003.10.22"]
[SourceVersion "2"]
[SourceVersionDate "2003.10.20"]
[SourceQuality "1"]

1. e4 c5 2. Nf3 Nf6 3. e5 Nd5 4. c4 Nc7 5. d4 cxd4 6. Qxd4 Nc6 7. Qe4 d5 8. exd6 Qxd6 9. Nc3 f5 10. Qc2 e5 11. Be3 Be7 12. Rd1 Qg6 13. Nd5 Bd6 14. h4 0-0 15. h5 Qe8 16. h6 g6 17. c5 Nxd5 18. cxd6 Nxe3 19. fxe3 Qd8 20. Bc4+ Kh8 21. Qc3 Bd7 22. Bd5 Qf6 23. Bxc6 Bxc6 24. Nxe5 Bxg2 25. Rh2 Be4 26. d7 Rad8 27. Rd6 1-0

[Event "IRI-ch"]
[Site "Mashad"]
[Date "2003.09.28"]
[Round "7"]
[White "Moradi, Behrooz"]
[Black "Mousavi, Sayed Milad"]
[Result "1-0"]
[WhiteElo "2220"]
[BlackElo "2194"]
[PlyCount "97"]
[EventDate "2003.09.24"]
[EventType "swiss"]
[EventRounds "11"]
[EventCountry "IRI"]
[SourceTitle "CBM 096 Extra"]
[Source "ChessBase"]
[SourceDate "2003.10.22"]
[SourceVersion "2"]
[SourceVersionDate "2003.10.20"]
[SourceQuality "1"]

1. e4 c6 2. d4 d5 3. Nc3 dxe4 4. Nxe4 Nf6 5. Nxf6+ exf6 6. Bc4 Bd6 7. Qe2+ Qe7 8. Qxe7+ Kxe7 9. Ne2 Bf5 10. c3 Re8 11. Bf4 Nd7 12. 0-0-0 Nb6 13. Bb3 Be6 14. Rhe1 a5 15. Bxd6+ Kxd6 16. Ng3 f5 17. Bxe6 fxe6 18. Nh5 g6 19. Nf4 a4 20. Kc2 Re7 21. Re2 Rae8 22. Nd3 Nd7 23. Ne5 Kc7 24. Rde1 b6 25. Kd3 b5 26. h4 Nxe5+ 27. Rxe5 Kd6 28. c4 Rb8 29. R1e2 h6 30. Kc3 b4+ 31. Kd3 b3 32. a3 Rd8 33. Ra5 g5 34. h5 f4 35. Ree5 Rf8 36. Rxa4 Rb7 37. Kc3 g4 38. Raa5 g3 39. f3 Rg8 40. Kd3 Rf7 41. Ke4 Rf6 42. Ra7 c5 43. Ra6+ Kd7 44. Rxc5 Rg4 45. Ra7+ Kd8 46. Rb5 Kc8 47. Rxb3 Rh4 48. Ke5 Rf5+ 49. Kd6 1-0